Quick Pick: Former Capital Name Quiz Stats

 Plays Quiz not verified by Sporcle

Score 0/10 Timer 01:00
0 Plays Today
% Correct
Beijing
76%
Ankara
71%
Tokyo
50.9%
Kinshasa
42.3%
Bratislava
40.4%
Oslo
39.1%
Ottawa
35.7%
Dushanbe
30.6%
Tallinn
25.6%
Jakarta
25.3%

You're not logged in!

Compare scores with friends on all Sporcle quizzes.
OR
Log In

You Might Also Like...

Show Comments

Extras

Top Quizzes Today


Score Distribution

Your Account Isn't Verified!

In order to create a playlist on Sporcle, you need to verify the email address you used during registration. Go to your Sporcle Settings to finish the process.

Report this User

Report this user for behavior that violates our Community Guidelines.

Details: